00953nam a22002417i 4500999001700000003000900017008004100026020002300067040007100090082002400161110004900185245004700234260005000281300003200331505010000363650001900463650002000482650002300502650003300525942001600558945002100574952011600595  c23539d23539AR-CdUCM260302b20222022 pe||||| |||| 00| 0 spa d  a978-612-50-74-03-4  aMUNICIPALIDAD PROVINCIAL DEL CUSCOcBIBLIOTECA MUNICIPAL DEL CUSCO  aEP / 398.20985bD11  aFondo del libro infantil - FONDELIN /952368  aDuendes y criaturas mágicas del Perú /  aLima :bAldo Editores Importadores SAC.c2022  a112 páginas. :c24x17 cm.  aEl duende minero -- Muki  -- El duende gringuito -- El celoso Miqui -- La leyenda del Amaru --   aLa Cuda952369  aEl Tuche952370  aLa Runamula952371  aLos amarus de Junín952372  2ddccLIBROS  apbjrd02-03-2026  002ddc4070aSIbSIcCARTd2026-03-02eDonacióng20.00oEP / 398.20985 / D11pSI00005163r2026-03-02yLIBROS